000 00310nam a2200157Ia 4500
100 _aDyer/Russell J.T
650 _aMysql
942 _cBK
366 _f20
245 _aLearning MySQL and MariaDB
260 _bShroff
_c2015
082 _a5.133
_bDYE
300 _a381
546 _aENGLISH
999 _c32659
_d32659